| 000 | 00437nam a22001817a 4500 | ||
|---|---|---|---|
| 003 | MPLRDC | ||
| 005 | 20220104164720.0 | ||
| 008 | 210129b ||||| |||| 00| 0 eng d | ||
| 020 | _a0-7214-0615-7 | ||
| 082 | _a859.6 LADY-9 | ||
| 100 | _aKATHIE LAYFIELD | ||
| 245 |
_aRAPUNZEL _c |
||
| 260 |
_a _bLADYBIRD BOOKS LTD _c |
||
| 300 | _b精 | ||
| 490 | _aREAD IT YOURSELF | ||
| 650 | _aCHILDREN LITERATURE | ||
| 942 |
_cBK _o859.6 LADY-9 |
||
| 999 |
_c57113 _d57103 |
||